| 000 | 00331nam a2200121 4500 | ||
|---|---|---|---|
| 020 | _a9788123913407 | ||
| 082 | _a572 STE | ||
| 084 | _2Colon Classification | ||
| 100 | _aStenesh J | ||
| 245 |
_aTextbook of Biochemistry: _bCore Topics/ _cJ Stenesh |
||
| 260 |
_aNew Delhi: _bCBS Publishers & Distributors; _c2019. |
||
| 942 |
_2ddc _cBK |
||
| 999 |
_c748616 _d748616 |
||